Statistics for Russia First Level Subdivisions

Click here to take the quiz!

General Stats

  • This quiz has been taken 305 times
  • The average score is 43 of 85

Answer Stats

Oblasts% Correct
Moscow
96%
Moscow
96%
Saint Petersburg
93%
Sakha / Yakutia
75%
Crimea
72%
Jewish
70%
Murmansk
70%
Volgograd
66%
Chechnya
65%
Dagestan
65%
Karelia
64%
Rostov
64%
Leningrad
63%
Sevastopol
63%
North Ossetia-Alania
62%
Nizhny Novgorod
61%
Omsk
61%
Arkhangelsk
59%
Kamchatka
59%
Krasnoyarsk
59%
Perm
59%
Krasnodar
57%
Samara
57%
Tatarstan
57%
Kaliningrad
56%
Irkutsk
55%
Sakhalin
55%
Tuva
55%
Altai
54%
Altai
54%
Pskov
54%
Novgorod
53%
Nenets
52%
Tomsk
52%
Belgorod
51%
Adygea
50%
Amur
50%
Novosibirsk
50%
Astrakhan
49%
Chelyabinsk
49%
Vladimir
49%
Bryansk
48%
Kursk
48%
Magadan
48%
Ingushetia
47%
Smolensk
47%
Bashkortostan
46%
Buryatia
46%
Chukotka
46%
Komi
46%
Tver
46%
Orenburg
45%
Saratov
45%
Voronezh
45%
Mari El
44%
Primorsky
44%
Kalmykia
43%
Ryazan
43%
Tula
43%
Udmurtia
43%
Khabarovsk
41%
Yaroslavl
41%
Vologda
40%
Tambov
39%
Ivanovo
38%
Lipetsk
38%
Penza
38%
Stavropol
38%
Ulyanovsk
38%
Kirov
37%
Mordovia
37%
Oryol
37%
Tyumen
37%
Yamalo-Nenets
37%
Chuvashia
36%
Kaluga
35%
Kemerovo
34%
Khakassia
34%
Kurgan
34%
Sverdlovsk
34%
Kostroma
31%
Kabardino-Balkaria
30%
Khanty-Mansi
30%
Zabaykalsky
30%
Karachay-Cherkessia
23%

Score Distribution

Percentile by Number Answered

Percent of People with Each Score

Your Score History

You have not taken this quiz